000 00418nam a22001217a 4500
999 _c530212
_d530212
008 250530b ||||| |||| 00| 0 eng d
100 _a Kajale, Jayanti and Chakraborty, Atreyee Sinha
_953958
245 _aRole of women in agriculture sector: Case of Maharashtra
260 _aAgriculture Situation in India
300 _a70(8), Nov, 2023: p.28-31
773 _aAgriculture Situation in India
942 _cAR